000 01326nmm a2200397 a 4500
003 AR-BaBNM
005 20251128203411.0
008 017019s1948 ||||||||||||||000 | spa||
040 _cAR-BaBNM
100 1 _aLevene, Ricardo
245 1 0 _aHistoria del derecho argentino
_bel derecho patrio argentino desde la revolución de mayo a la asamblea general constituyente de 1813-1815. 4
_n4
260 _aBuenos Aires
_bKraft
_c1948
300 0 _a378 p.
_bláms.
500 0 _aIndice alfabético de nombres de personas p. 347-353
500 0 _aIndice general de nombres geográficos p. 355-357
500 0 _aIndice de láminas p. 359-362
500 0 _aIndice de capítulos p. 363-378
600 1 4 _aMoreno, Mariano
600 1 4 _aFunes, Gregorio
_d1749-1829
600 1 4 _aAgrelo, Pedro José De
600 1 4 _aAlzaga, Martín De
600 1 4 _aCastro, Manuel Antonio De
600 1 4 _aJijena, José Damaso
600 1 4 _aPosadas, Gervasio Antonio
600 1 4 _aPueyrredón, Juan Martín De
600 1 4 _aVillota, Manuel Genaro De
600 1 4 _aRivadavia, Bernardino
650 4 _aHISTORIA DEL DERECHO ARGENTINO
650 4 _aREVOLUCION DE MAYO
650 4 _aDERECHO ARGENTINO
650 4 _aAUDIENCIAS
650 4 _aASAMBLEA DE 1813
650 4 _aLEGISLACION ARGENTINA
942 _cBK
998 _cAndrea
999 _c3209
_d3209